书目信息 |
| 题名: |
司机礼仪培训手册
|
|
| 作者: | ;未来之舟 编著 | |
| 分册: | ||
| 出版信息: | 北京 海洋出版社 2007.03 |
|
| 页数: | 154页 | |
| 开本: | 21cm | |
| 丛书名: | 礼仪培训系列丛书 | |
| 单 册: | ||
| 中图分类: | U471.3-62 | |
| 科图分类: | ||
| 主题词: | 汽车--qi che--驾驶员--礼仪--技术培训--手册 | |
| 电子资源: | ||
| ISBN: | 978-7-5027-6767-9 | |
| 000 | 00916nam 2200253 450 | |
| 001 | 012008539843 | |
| 005 | 20080525091956.71 | |
| 010 | @a978-7-5027-6767-9@dCNY14.00 | |
| 100 | @a20080525d2007 em y0chiy0120 ea | |
| 101 | 0 | @achi |
| 102 | @aCN@b110000 | |
| 105 | @aa z 000yy | |
| 106 | @ar | |
| 200 | 1 | @a司机礼仪培训手册@Asi ji li yi pei xun shou ce@f未来之舟编著@Fwei lai zhi zhou bian zhu |
| 210 | @a北京@c海洋出版社@d2007.03 | |
| 215 | @a154页@c图@d21cm | |
| 225 | 2 | @a礼仪培训系列丛书@Ali yi pei xun xi lie cong shu |
| 330 | @a本书主要内容为第1讲做讲交通道德的好司机,第2讲司机形象自我检查,第3讲塑造文明的司机,第4讲交通行为,第5讲出租车司机服务礼仪等。 | |
| 410 | 0 | @12001 @a礼仪培训系列丛书 |
| 606 | 0 | @a汽车@Aqi che@x驾驶员@x礼仪@x技术培训@j手册 |
| 690 | @aU471.3-62@v4 | |
| 711 | 02 | @a未来之舟@Awei lai zhi zhou@4编著 |
| 801 | 0 | @aCN@bQSSK@c20080525 |
| 905 | @b713468-70@dU471.3-62@eW567@f3 | |
| 司机礼仪培训手册/未来之舟编著.-北京:海洋出版社,2007.03 |
| 154页:图;21cm.-(礼仪培训系列丛书) |
| ISBN 978-7-5027-6767-9:CNY14.00 |
| 本书主要内容为第1讲做讲交通道德的好司机,第2讲司机形象自我检查,第3讲塑造文明的司机,第4讲交通行为,第5讲出租车司机服务礼仪等。 |
| ● |
| 相关链接 |
|
|
|
正题名:司机礼仪培训手册
索取号:U471.3-62/W567
 
预约/预借
| 序号 | 登录号 | 条形码 | 馆藏地/架位号 | 状态 | 备注 |
| 1 | 713468 | 207134689 | 期刊室512/501自科库 57排1列3层/ [索取号:U471.3-62/W567] | 在馆 | |
| 2 | 713469 | 207134698 | 自科库501/501自科库 57排1列3层/ [索取号:U471.3-62/W567] | 在馆 | |
| 3 | 713470 | 207134705 | 自科库501/501自科库 57排1列3层/ [索取号:U471.3-62/W567] | 在馆 |